|
|
|
|
| LEADER |
00000nab a2200000 a 4500 |
| 001 |
vtls009092530 |
| 003 |
SK-MaSNL |
| 005 |
20260426090113.0 |
| 008 |
250507c2007 xo zr|p|||||||000 b|slo |
| 015 |
|
|
|a SNBRB2007/09
|2 snkbucl
|
| 035 |
|
|
|a (uuid)6a3f1ff1-fa7e-4385-84f2-c3b72b4572e7
|
| 035 |
|
|
|a urn:nbn:sk:snk-ab21t3
|
| 035 |
|
|
|a (urnnbn)urn:nbn:sk:snk:ar-a01f40
|
| 038 |
|
|
|a SNKBUCL
|
| 040 |
|
|
|a SNKBUCL
|b slo
|c SNKBUCL
|e AACR2
|
| 041 |
0 |
|
|a slo
|
| 044 |
|
|
|a xo
|c SK
|
| 080 |
|
|
|a 78.071.1
|2 2001
|
| 080 |
|
|
|a 929 Gilboa, Jacob
|2 2001
|
| 080 |
|
|
|a 78:323.15
|x (=411.16)(569.4)
|x "1933/1945"
|2 2001
|
| 080 |
|
|
|a 323.15
|x (=411.16)(569.4)
|x "1933/1945"
|2 2001
|
| 100 |
1 |
|
|a Schindler, Agata
|4 aut
|9 638986
|
| 245 |
1 |
0 |
|a Hudba medzi životom a smrťou
|b k dôsledkom politiky národného socializmu na hudobný život Slovenska. Terra incognita
|c Agata Schindler
|
| 300 |
|
|
|b Fotogr., obr.
|
| 504 |
|
|
|a Bibliogr. odkazy
|
| 504 |
|
|
|a Vl. meno Ervín Goldberg
|
| 600 |
1 |
7 |
|a Gilboa, Jacob,
|d 1920-2007
|2 snkbucl
|9 1492763
|
| 648 |
|
7 |
|a 1933-1945
|2 snkbucl
|9 310476
|
| 650 |
0 |
7 |
|a národný socializmus
|2 snkbucl
|9 83316
|
| 650 |
0 |
7 |
|a Židia
|2 snkbucl
|9 3760
|
| 650 |
0 |
7 |
|a židovskí hudobníci
|2 snkbucl
|9 84626
|
| 651 |
|
7 |
|a Slovensko
|2 snkbucl
|9 14231
|
| 651 |
|
7 |
|a Košice (Slovensko)
|2 snkbucl
|9 18694
|
| 773 |
0 |
|
|t Hudobný život
|g Roč. XXXIX, č. 7-8 (2007), s. 42-44
|x 1335-4140
|
| 850 |
|
|
|a Slovenská národná knižnica
|
| 852 |
|
|
|a Slovenská národná knižnica
|
| 954 |
|
|
|a odborná, vedecká literatúra pôvodná (slovenská)
|2 lita
|
| 958 |
|
|
|a article27
|
| 958 |
|
|
|a OND
|
| 958 |
|
|
|a BX
|
| 958 |
|
|
|a NB
|
| 958 |
|
|
|a EUIPO
|
| 999 |
|
|
|c 2980337
|d 2982267
|